| 000 | 01534cam a2200373 i 4500 | ||
|---|---|---|---|
| 001 | 200447467 | ||
| 999 |
_c200447467 _d65679 |
||
| 003 | TR-AnTOB | ||
| 005 | 20250425113019.0 | ||
| 007 | ta | ||
| 008 | 060223s2002 tu a 100 0 tur d | ||
| 010 | _a 2004335351 | ||
| 020 | _a9759261820 | ||
| 035 | _a(OCoLC)ocm62316784 | ||
| 040 |
_aPUL _beng _cPUL _erda _dDLC _dTR-AnTOB |
||
| 041 | 0 | _atur | |
| 043 | _aa-tu--- | ||
| 050 | 4 |
_aHD9715.T92 _bİ57 2001 |
|
| 090 |
_aHD9715.T92 _bİ57 2001 |
||
| 111 | 2 |
_aİnşaat Sektörünün Gündemindeki Sorunlar Toplantısı _d(2001 : _cAnkara) _9141025 |
|
| 245 | 1 | 0 | _aİnşaat sektörünün gündemindeki sorunlar toplantısı. |
| 264 | 1 |
_aAnkara : _bTürkiye İnşaat Sanayicileri İşveren Sendikası, _c2002. |
|
| 300 |
_a78 pages : _billustrations ; _c28 cm |
||
| 336 |
_2rdacontent _atext _btxt |
||
| 337 |
_2rdamedia _aunmediated _bn |
||
| 338 |
_2rdacarrier _avolume _bnc |
||
| 490 | 0 |
_aİnşaat Sanayii yayınları ; _vno. 1 |
|
| 500 | _aBu kitap 24 aralık 2001 tarihinde Bayındırlık ve İskan Bakanlığı ve İNTES tarafından ortaklaşa gerçekleştirilen İnşaat sektörünün gündemindeki sorunlar toplantısında sunulan tebliğler, yapılan konuşmalar ve genel görüşmelerden oluşturulmuştur. | ||
| 520 | _aConstruction industry; Turkey; congresses. | ||
| 650 | 0 |
_aYapı endüstrisi _zTürkiye _vKongreler _yetuturkob _916043 |
|
| 710 | 2 |
_aTürkiye İnşaat Sanayicileri İşveren Sendikası _919172 |
|
| 942 |
_2lcc _cBK |
||